OSS 117 - Statistiques

Statistiques générales
  • Ce quiz a été pris 162 fois
  • Le résultat moyen est 8 sur 15
Statistiques - réponses
Questions Réponses % Correct
Quel acteur tient le rôle d'OSS 117, alias Hubert Bonisseur de la Bath ? Jean Dujardin
100%
Dans quelle ville, véritable nid d'espions, se rend-il lors du premier film ? Le Caire
100%
Dans quelle ville Hubert se rend-il lors du deuxième film ? Rio
92%
Quelle femme rencontre-t-il là-bas, demeurant une aide précieuse pour régler la situation ? Larmina
79%
Quelle acteur tient le second rôle lors du troisième film ? Pierre Niney
76%
Que fait Hubert lorsque le muezzin lance l'appel au matin ? Il le fait taire
62%
Quel pseudonyme a-t-il lors de cette aventure ? Noël Flantier
54%
Quel ancien collègue des services secrets américain retrouve-t-il une fois sur place ? Bill Trumendous
50%
Ou se rend Hubert lors du troisième film ? Afrique Noire
46%
Complétez la réplique : Une dictature c'est quand les gens sont communistes, qu'ils ont froid, avec des chapeaux gris et des chaussures.... A fermeture éclair
41%
Quel pseudonyme adopte-t-il lors du premier film ? Lucien Bramard
35%
Après Hazanavicius pour les deux premiers films, qui réalise ce troisième volet ? Nicolas Bedos
32%
Comment s'appelle la princesse avec qui Hubert a eu quelques aventures ? Al-Tarouk
27%
Comment s'appelle le cargo russe ayant disparu 1 mois avant l'arrivée d'Hubert ? Kapov
26%
A quelle société adhère le fils du professeur Von Zimmel ? Les Hippies
25%
Aucun quiz correspondant
Distribution des résultats
% des personnes avec chaque résultat
Percentile par nombre de réponses
Votre historique - résultats
Vous n’avez pas pris ce quiz